Statistics for Ajax 2020's Starting XI

Click here to take the quiz!

General Stats

  • This quiz has been taken 1,728 times
    (1,107 since last reset)
  • The average score is 18 of 27

Answer Stats

Player% Correct
André Onana
98%
Dušan Tadić
96%
Antony
88%
Sergiño Dest
88%
Hakim Ziyech
87%
Noussair Mazraoui
85%
Edson Álvarez
84%
Nicolás Tagliafico
82%
Sébastien Haller
81%
David Neres
79%
Lisandro Martínez
77%
Daley Blind
76%
Gerónimo Rulli
74%
Jurrien Timber
64%
Steven Berghuis
64%
Steven Bergwijn
63%
Donny van de Beek
62%
Remko Pasveer
57%
Calvin Bassey
55%
Davy Klaassen
55%
Devyne Rensch
42%
Kenneth Taylor
42%
Ryan Gravenberch
41%
Joël Veltman
37%
Owen Wijndal
35%
Quincy Promes
30%
Perr Schuurs
28%

Score Distribution

Percentile by Number Answered

Percent of People with Each Score

Your Score History

You have not taken this quiz since the last reset